000
00219 a2200097 4500
001
9245
100
_a
O'Leary, D.L.
245
_a
Arabic thought & its place in history
260
_a
_b
Routledge
_c
090
_c
7415
_d
7415
942
_a
NUST-CAE
_c
M
_c
34062
999
_c
244318
_d
244318